<?xml version="1.0" encoding="UTF-8"?>
<record
    xmlns:xsi="http://www.w3.org/2001/XMLSchema-instance"
    xsi:schemaLocation="http://www.loc.gov/MARC21/slim http://www.loc.gov/standards/marcxml/schema/MARC21slim.xsd"
    xmlns="http://www.loc.gov/MARC21/slim">

  <leader>01033nam a22002417a 4500</leader>
  <controlfield tag="005">20211122121417.0</controlfield>
  <controlfield tag="008">211117s2014    mx bdo gr|||| 00| 0 spa|d  </controlfield>
  <datafield tag="020" ind1=" " ind2=" ">
    <subfield code="a">9786079350024</subfield>
  </datafield>
  <datafield tag="050" ind1="0" ind2="4">
    <subfield code="a">HD9014.C6</subfield>
    <subfield code="b">I54 2014</subfield>
  </datafield>
  <datafield tag="245" ind1="0" ind2="0">
    <subfield code="a">Infograf&#xED;a agroalimentaria Colima 2014 </subfield>
    <subfield code="c"> / [Colaboradores Patricia Ornelas Ru&#xED;z ... [et al.]].</subfield>
  </datafield>
  <datafield tag="250" ind1=" " ind2=" ">
    <subfield code="a">1a ed.</subfield>
  </datafield>
  <datafield tag="260" ind1=" " ind2=" ">
    <subfield code="a">M&#xE9;xico :</subfield>
    <subfield code="b">Secretar&#xED;a de Agricultura, Ganader&#xED;a, Desarrollo Rural, Pesca y Alimentaci&#xF3;n,</subfield>
    <subfield code="c">2014</subfield>
  </datafield>
  <datafield tag="300" ind1=" " ind2=" ">
    <subfield code="a">70 p. :</subfield>
    <subfield code="b">il. ;</subfield>
    <subfield code="c">20 cm.</subfield>
  </datafield>
  <datafield tag="504" ind1=" " ind2=" ">
    <subfield code="a">Incluye glosario e &#xED;ndice</subfield>
  </datafield>
  <datafield tag="650" ind1=" " ind2="7">
    <subfield code="2">lemb</subfield>
    <subfield code="a">Industrias alimenticias</subfield>
    <subfield code="v">Estad&#xED;sticas</subfield>
    <subfield code="z">Colima</subfield>
  </datafield>
  <datafield tag="650" ind1=" " ind2="7">
    <subfield code="2">lemb</subfield>
    <subfield code="a">Agricultura de regiones</subfield>
    <subfield code="v">Estad&#xED;sticas</subfield>
    <subfield code="z">Colima</subfield>
  </datafield>
  <datafield tag="650" ind1=" " ind2="7">
    <subfield code="2">lemb</subfield>
    <subfield code="a">Industrias agropecuarias</subfield>
    <subfield code="z">Colima</subfield>
    <subfield code="v">Estad&#xED;sticas</subfield>
  </datafield>
  <datafield tag="700" ind1="1" ind2=" ">
    <subfield code="a">Ornelas Ruiz, Patricia,</subfield>
    <subfield code="e">colaborador.</subfield>
  </datafield>
  <datafield tag="700" ind1="1" ind2=" ">
    <subfield code="a">Ramos Escobar, Rolando,</subfield>
    <subfield code="e">colaborador.</subfield>
  </datafield>
  <datafield tag="700" ind1="1" ind2=" ">
    <subfield code="a">Campos Leal, Jos&#xE9; Luis,</subfield>
    <subfield code="e">colaborador.</subfield>
  </datafield>
  <datafield tag="710" ind1="1" ind2=" ">
    <subfield code="a">Secretar&#xED;a de Agricultura, Ganader&#xED;a, Desarrollo Rural, Pesca y Alimentaci&#xF3;n.</subfield>
  </datafield>
  <datafield tag="942" ind1=" " ind2=" ">
    <subfield code="2">lcc</subfield>
    <subfield code="c">LIB</subfield>
  </datafield>
  <datafield tag="999" ind1=" " ind2=" ">
    <subfield code="c">108053</subfield>
    <subfield code="d">108053</subfield>
  </datafield>
</record>
